000 00839nam a2200265 a 4500
001 000016519
005 20260115095123.0
008 100305s1944 sp 000 p spa d
040 _aDO-SdBNP
_bspa
_cBNPHU
082 _a861.1
_bB485m, 1944
100 1 _aBerceo, Gonzalo de,
_d1197-1264
_93633
245 1 0 _aMilagros de nuestra señora /
_cBerceo ; edición y notas de A. G. Solalinde.
250 _a3a ed.
260 _aMadrid :
_bEspasa-Calpe,
_c1944.
300 _av. ;
_c18 cm.
500 _aLa biblioteca posee el volumen 1.
500 _aIncluye notas al pie de las páginas.
650 4 _aPoesía española
_9631
650 4 _aLiteratura española
_9632
650 0 _aMilagros
_93634
650 4 _aVirgen maría
_xApariciones y milagros
_93635
700 1 _aSolalinde, A. G.,
_ced.
_936755
910 _aWM
049 _aBNGR
999 _c16053
_d16053